000 00399cam a22001457a 4500
008 180718b1990 xxu||||| |||| 00| 0 eng d
020 _a8121203287
082 _aT1 R15 C361
100 _aChandra, Bipan
245 _aRanade's economic writings
_cby Bipan Chandra
260 _aDelhi
_bGian
_c1990
300 _axc,461p.
650 _aIndia --Economic policy
650 _aIndia --Economic conditions
999 _c432770
_d432770